Normal view
MARC view
- Zaha Rina Zahari
Entry Personal Name
001 - CONTROL NUMBER
- control field: 36570
003 - CONTROL NUMBER IDENTIFIER
- control field: OSt
005 - DATE AND TIME OF LATEST TRANSACTION
- control field: 20141117155512.0
008 - FIXED-LENGTH DATA ELEMENTS
- fixed length control field: 141117|| aca||aabn | a|a d
040 ## - CATALOGING SOURCE
- Original cataloging agency: OSt
100 0# - HEADING--PERSONAL NAME
- Personal name: Zaha Rina Zahari
400 1# - SEE FROM TRACING--PERSONAL NAME
- Personal name: Zahari, Zaha Rina